|
|
|
|
| LEADER |
00000nlm0a2200000 4500 |
| 001 |
267248 |
| 005 |
20240201134751.0 |
| 035 |
|
|
|a (RuTPU)RU\TPU\book\290304
|
| 090 |
|
|
|a 267248
|
| 100 |
|
|
|a 20140725d2013 m y0rusy50 ca
|
| 101 |
0 |
|
|a rus
|
| 102 |
|
|
|a RU
|
| 105 |
|
|
|a a j 001zy
|
| 135 |
|
|
|a drcn ---uucaa
|
| 181 |
|
0 |
|a i
|
| 182 |
|
0 |
|a b
|
| 200 |
1 |
|
|a Техника лабораторных работ
|e учебное пособие
|f Е. П. Фитерер, А. А. Троян, В. Т. Новиков
|g Национальный исследовательский Томский политехнический университет (ТПУ)
|
| 203 |
|
|
|a Текст
|c электронный
|
| 210 |
|
|
|a Томск
|c Изд-во ТПУ
|d 2013
|
| 300 |
|
|
|a Заглавие с титульного экрана
|
| 333 |
|
|
|a Режим доступа: из корпоративной сети ТПУ
|
| 337 |
|
|
|a Adobe Reader
|
| 606 |
1 |
|
|a Лабораторная химия
|2 stltpush
|3 (RuTPU)RU\TPU\subj\70426
|9 84687
|
| 610 |
1 |
|
|a электронный ресурс
|
| 610 |
1 |
|
|a учебные пособия
|
| 610 |
1 |
|
|a труды учёных ТПУ
|
| 610 |
1 |
|
|a оборудование
|
| 610 |
1 |
|
|a химические лаборатории
|
| 610 |
1 |
|
|a техники
|
| 610 |
1 |
|
|a эксперименты
|
| 610 |
1 |
|
|a рациональное использование
|
| 610 |
1 |
|
|a химическая посуда
|
| 675 |
|
|
|a 542(075.8)
|v 3
|
| 700 |
|
1 |
|a Фитерер
|b Е. П.
|c химик
|c старший преподаватель Томского политехнического университета, кандидат химических наук
|f 1974-
|g Елена Петровна
|3 (RuTPU)RU\TPU\pers\25650
|9 11561
|
| 701 |
|
1 |
|a Троян
|b А. А.
|c химик-органик
|c доцент Томского политехнического университета, кандидат химических наук
|f 1978-
|g Анна Алексеевна
|3 (RuTPU)RU\TPU\pers\25648
|9 11559
|
| 701 |
|
1 |
|a Новиков
|b В. Т.
|c химик
|c доцент Томского политехнического университета, кандидат химических наук
|f 1946-
|g Виктор Тимофеевич
|3 (RuTPU)RU\TPU\pers\28718
|9 13515
|
| 712 |
0 |
2 |
|a Национальный исследовательский Томский политехнический университет (ТПУ)
|b Институт природных ресурсов (ИПР)
|b Кафедра технологии органических веществ и полимерных материалов (ТОВПМ)
|3 (RuTPU)RU\TPU\col\18659
|
| 801 |
|
1 |
|a RU
|b 63413507
|c 20140725
|
| 801 |
|
2 |
|a RU
|b 63413507
|c 20160617
|g RCR
|
| 856 |
4 |
|
|u http://www.lib.tpu.ru/fulltext2/m/2014/m228.pdf
|
| 942 |
|
|
|c CF
|